| 000 | 00406nam a2200181Ia 4500 | ||
|---|---|---|---|
| 001 | 7293 | ||
| 005 | 20260306160445.0 | ||
| 008 | 260306t2015||||xx |||||||||||||| ||spa|| | ||
| 041 | _aESP | ||
| 082 |
_a338.5 _bG366 |
||
| 100 |
_aGoolsbee, Austan _eAUT |
||
| 245 | 0 | _aMicroeconomĂa | |
| 260 | _c2015 | ||
| 300 |
_a702 páginas : _c27 cm. |
||
| 650 | _aGEN | ||
| 654 | _aCAN | ||
| 942 |
_cLIB _dJUS _fJUS _2ddc _n |
||
| 999 |
_c7293 _d7293 |
||